Welcome to the Holygrace Academy Library

Please use search bar below to get started

GENERAL KNOWLEDGE YEAR BOOK (Record no. 6754)

MARC details
000 -LEADER
fixed length control field 00363nam a22001577a 4500
082 ## - DEWEY DECIMAL CLASSIFICATION NUMBER
Classification number 001
Item number COM/C
100 ## - MAIN ENTRY--AUTHOR NAME
Personal name COMPETITION REVIEW
245 ## - TITLE STATEMENT
Title GENERAL KNOWLEDGE YEAR BOOK
246 ## - VARYING FORM OF TITLE
Title proper/short title YEAR BOOK 2012
246 ## - VARYING FORM OF TITLE
Title proper/short title YEAR BOOK 2013
260 ## - PUBLICATION, DISTRIBUTION, ETC. (IMPRINT)
Place of publication NEW DELHI
Name of publisher COMPETITION REVIEW PVT LTD
Year of publication 2013
300 ## - PHYSICAL DESCRIPTION
Number of Pages 512
520 ## - SUMMARY, ETC.
Summary, etc G.K
650 ## - SUBJECT ADDED ENTRY--TOPICAL TERM
Topical Term G.K
942 ## - ADDED ENTRY ELEMENTS (KOHA)
Koha item type Books
Holdings
Withdrawn status Lost status Collection code Home library Current library Shelving location Date acquired Source of acquisition Cost, normal purchase price Full call number Accession Number Koha item type
    Reference Main Library Main Library SHELF-17F-YEAR BOOK 05/06/2017 Purchase 600.00 001 COM/C 04567 Books
    Reference Main Library Main Library SHELF-17F-YEAR BOOK 27/05/2011 Purchase 500.00 001 COM/C 06155 Books